Symmetries and curvature structure in general relativity / (Record no. 29713)

000 -LEADER
fixed length control field 00579 a2200193 4500
003 - CONTROL NUMBER IDENTIFIER
control field NUST
005 - DATE AND TIME OF LATEST TRANSACTION
control field 20180118124023.0
008 - FIXED-LENGTH DATA ELEMENTS--GENERAL INFORMATION
fixed length control field 180118b xxu||||| |||| 00| 0 eng d
020 ## - INTERNATIONAL STANDARD BOOK NUMBER
International Standard Book Number 9810210515
020 ## - INTERNATIONAL STANDARD BOOK NUMBER
International Standard Book Number 9789810210519
082 ## - DEWEY DECIMAL CLASSIFICATION NUMBER
Classification number 539.725
100 1# - MAIN ENTRY--PERSONAL NAME
Personal name Hall, G. S.
9 (RLIN) 8747
245 10 - TITLE STATEMENT
Title Symmetries and curvature structure in general relativity /
Statement of responsibility, etc. G. S. Hall, G. S. Mall, GS Hall.
260 ## - PUBLICATION, DISTRIBUTION, ETC.
Place of publication, distribution, etc. [S.l.] :
Name of publisher, distributor, etc. World Scientific Publishing Company,
Date of publication, distribution, etc. 2004.
300 ## - PHYSICAL DESCRIPTION
Extent 440 p. ;
Dimensions 23 cm.
490 1# - SERIES STATEMENT
Series statement Lecture notes in physics.
700 1# - ADDED ENTRY--PERSONAL NAME
Personal name Mall, G. S.
9 (RLIN) 8748
700 1# - ADDED ENTRY--PERSONAL NAME
Personal name Hall, GS.
9 (RLIN) 8749
830 #0 - SERIES ADDED ENTRY--UNIFORM TITLE
Uniform title Lecture notes in physics.
9 (RLIN) 8750
942 ## - ADDED ENTRY ELEMENTS (KOHA)
Institution code [OBSOLETE] SNS
Koha item type Book
Call number prefix 539.725 HAL
Source of classification or shelving scheme
Holdings
Withdrawn status Lost status Damaged status Not for loan Permanent Location Current Location Date acquired Total Checkouts Full call number Barcode Date last seen Price effective from Koha item type
        School of Natural Sciences (SNS) School of Natural Sciences (SNS) 05/26/2016   539.725 HAL SNS0001534 05/26/2016 05/26/2016 Book
        School of Natural Sciences (SNS) School of Natural Sciences (SNS) 05/26/2016   539.725 HAL SNS0001536 05/26/2016 05/26/2016 Book
© 2023 Central Library, National University of Sciences and Technology. All Rights Reserved.